Macroeconomics: (Record no. 159451)

MARC details
000 -LEADER
fixed length control field 00639nam a22002057a 4500
005 - DATE AND TIME OF LATEST TRANSACTION
control field 20181218130447.0
010 ## - LCCN (DPL NO)
LC control number ENG-124566
020 ## - INTERNATIONAL STANDARD BOOK NUMBER
International Standard Book Number 9789353163334
Terms of availability 675.00
035 ## - SYSTEM CONTROL NUMBER
System control number EN-108098
037 ## - SOURCE OF ACQUISITION
Source of stock number/acquisition DBAD/PUB.
082 ## - DEWEY DECIMAL CLASSIFICATION NUMBER
Classification number 339
100 ## - MAIN ENTRY--PERSONAL NAME
Personal name Dwivedi D.N.
245 ## - TITLE STATEMENT
Title Macroeconomics:
Statement of responsibility, etc by D.N. Dwivedi
Remainder of title theory and policy/
250 ## - EDITION STATEMENT
Edition statement 5th ed.
260 ## - PUBLICATION, DISTRIBUTION, ETC. (IMPRINT)
Name of publisher, distributor, etc Tata McGraw Hill
Date of publication, distribution, etc 2019
Place of publication, distribution, etc Chennai
270 ## - ADDRESS
Address 444,/1, Sri Ekambara Naicker Industrial Estate, Alapakkam, Porur,
City Chennai
Postal code 600116
300 ## - PHYSICAL DESCRIPTION
Extent xx,740p.
Dimensions 26cm(pbk)
Other physical details ill.
500 ## - GENERAL NOTE
General note It includes glossary and index
942 ## - ADDED ENTRY ELEMENTS (KOHA)
Source of classification or shelving scheme Dewey Decimal Classification
Item type English Books
Call number suffix DWI
Classification part 339
Holdings
Withdrawn status Lost status Not for loan Collection code Home library Current library Date acquired Source of acquisition Cost, normal purchase price Full call number Barcode Copy number Cost, replacement price Koha item type
    Not For Loan Non-fiction D.B.Act.Division Bawana 18/12/2018 DBAD/PUB 675.00 339 DWI EN-108098 1 675.00 English Books

© Delhi Public Library
Hit Counter
free hit counter